CLINICAL DERMATOLOGY (Record no. 14878)

MARC details
000 -LEADER
fixed length control field 00258nam a22001217a 4500
003 - CONTROL NUMBER IDENTIFIER
control field SGT
082 ## - DEWEY DECIMAL CLASSIFICATION NUMBER
Classification number 616.5
Item number C03M
100 ## - MAIN ENTRY--PERSONAL NAME
Personal name MACKIE, RONA M.
245 ## - TITLE STATEMENT
Title CLINICAL DERMATOLOGY
260 ## - PUBLICATION, DISTRIBUTION, ETC. (IMPRINT)
Place of publication, distribution, etc NEW YORK
Name of publisher, distributor, etc OXFORD
Year of Publication 2003
300 ## - PAGE DESCRIPTION
No. of Pages 371
942 ## - ADDED ENTRY ELEMENTS (KOHA)
Source of classification or shelving scheme Dewey Decimal Classification
Koha item type Books
942 ## - ADDED ENTRY ELEMENTS (KOHA)
-- 1
Holdings
Withdrawn status Lost status Source of classification or shelving scheme Damaged status Not for loan Collection code Home library Current library Shelving location Date acquired Vendor Name SGTU Total Checkouts Full call number Accession No. (Barcode) Date last seen Date last borrowed Bill Date Koha item type
    Dewey Decimal Classification   Not For Loan MEDICAL SGT Medical Library SGT Medical Library Reference Book 30/01/2018 ABC SGTU 1 616.5 C03M FM9756 04/07/2022 04/07/2022 30/01/2018 Books